000 00535nam a2200169Ia 4500
008 230925s9999||||xx |||||||||||||| ||und||
082 _a621.3 RAO
100 _aRao Rumman Ullah Khan (329652)
_9118273
245 0 _aPassive Cooling Based Thermal Management System for Li-Ion Batteries Using Phase Change Materials /
260 _bUSPCAS-E, NUST,Islamabad :
_c2023
300 _axiv, 61 p.
520 _aTH-493
650 _vMS Thesis
_918721
650 _vMS-EEP Thesis
700 _aDr. Naseem Iqbal
_916826
942 _cTHE
_2ddc
999 _c603240
_d603240